Famous Duos by Picture #1 - Statistics

General Stats
  • This quiz has been taken 13,626 times
    13,244 since last reset
  • The average score is 17 of 24
Answer Stats
Picture Answer % Correct
Batman
99%
Tom
99%
Jerry
98%
Robin
95%
Lilo
86%
Stitch
86%
Hansel
84%
Romeo
84%
Gretel
83%
Juliet
83%
David
82%
Goliath
80%
Morty
70%
Rick
69%
Gromit
65%
Wallace
65%
Garfunkel
59%
Simon
59%
Thelma
54%
Louise
53%
Hardy
44%
Laurel
44%
Hutch
41%
Starsky
41%
No matching quizzes found
Score Distribution
Percent of People with Each Score
Percentile by Number Answered
Your Score History
You have not taken this quiz since the last reset